000 00722cam a2200217 4500
001 J115949
008 011211n1934 000 0 eng u
035 _a(Sirsi) u115949
050 _a692.209421
110 _aLondon County Council
_91711
245 _aLondon Building Act 1930 : proposed code of practice for the use of reinforced concrete and other materials in buildings and structures, submitted to the council on 23rd October, 1934.
260 _aLondon
_bLCC
_c1934
300 _a23p.
_c33cm.
350 _a6d.
490 _v3080
650 _aLONDON BUILDING ACT 1930
650 _aLONDON BUILDING ACTS
650 _aREINFORCED CONCRETE
690 _aBUILT ENVIRONMENT-BUILDING STANDARDS
942 _n0
999 _c101801
_d101801